Theorizing Transition and the Dynamics of Capital: The Diverse Trajectories of Post-socialist Firms
Na minha lista:
| Autor principal: | |
|---|---|
| Outros Autores: | , , |
| Formato: | Capítulo de Livro |
| Idioma: | inglês |
| Assuntos: | |
| Tags: |
Sem tags, seja o primeiro a adicionar uma tag!
|
MARC
| LEADER | 00000naa$a2200000$$$4500 | ||
|---|---|---|---|
| 001 | 0220985 | ||
| 005 | 20240502083548.5 | ||
| 041 | 0 | |a eng | |
| 044 | |a GB | ||
| 245 | 1 | 0 | |a Theorizing Transition and the Dynamics of Capital: The Diverse Trajectories of Post-socialist Firms |c Robert Begg, Milan Buček, Poli Roukova, Rudolf Pástor |
| 500 | |a Príspevok podporený projektom United States National Science Foundation no. BCS/SBE 0225088 a no. BCS/ 0551085 | ||
| 610 | 2 | 0 | |a dynamika ekonomiky |
| 610 | 2 | 0 | |a kapitál |
| 610 | 2 | 0 | |a produktivita kapitálu |
| 610 | 2 | 0 | |a spolupráca medzinárodná |
| 610 | 2 | 0 | |a hospodárstvo socialistické |
| 610 | 2 | 0 | |a socializmus |
| 100 | 1 | |a Begg, Robert | |
| 700 | 1 | |a Buček, Milan | |
| 700 | 1 | |a Roukova, Poli | |
| 700 | 1 | |a Pástor, Rudolf | |